000 00372 a2200145 4500
245 _asisterhood of man
_hprint
020 _a0393012352
250 _a1st ed.
700 _aNewland, Kathleen.
650 _aProgramming
005 20191017172001.0
260 _anyu
_bNorton
_cc1979
084 _aHQ1154 .N48 1979
300 _axi, 242 p.
_b 21 cm.
_cxi, 242 p. ; 21 cm.
500 _aKathleen Newland.
999 _c8273
_d8273